Lubricantes / Jorge Dosta Parcerisa, Adolfo Garcés Martínez
Publicado:
Barcelona :
Escuela Universitària de Ingenieria Tècnica Industrial. Departamento de Química Técnica
Descripción Física:
17 p. : mecanografiades ; 30 cm
Otros Autores:
Garcés Martínez, Adolfo
Materias:
Lubrificació i lubrificants
MARC
| LEADER | 00000nam a2200000Ia 4500 | ||
|---|---|---|---|
| 001 | 1967 | ||
| 008 | 160829s198 - xx 000 0 cat d | ||
| 080 | |a FU-18-8 | ||
| 100 | |a Dosta Parcerisa, Jorge |9 23971 | ||
| 245 | |a Lubricantes / Jorge Dosta Parcerisa, Adolfo Garcés Martínez | ||
| 260 | |a Barcelona : |b Escuela Universitària de Ingenieria Tècnica Industrial. Departamento de Química Técnica, |c 198 - | ||
| 300 | |a 17 p. : |b mecanografiades ; |c 30 cm | ||
| 650 | |a Lubrificació i lubrificants |9 23972 | ||
| 700 | |a Garcés Martínez, Adolfo |9 23973 | ||
| 710 | |a Escola Universitària d'Enginyeria Tècnica Industrial de Barcelona. |b Departament de Química Tècnica |9 70049 | ||
| 901 | |a Arxiu | ||
| 942 | |n 1 | ||
| 952 | |0 0 |1 0 |4 0 |6 FU188 |7 1 |9 42935 |a Arxiu |b Arxiu |d 2016-12-01 |l 0 |o FU-18-8 |p 1967 |r 2016-12-01 00:00:00 |w 2016-12-01 |y ARXIU | ||
| 999 | |c 45441 |d 45441 | ||